Basic systems analysis; (Record no. 541587)
[ view plain ]
| 000 -LEADER | |
|---|---|
| fixed length control field | 00635cam a2200181 4500 |
| 082 ## - DEWEY DECIMAL CLASSIFICATION NUMBER | |
| Classification number | 004.2 |
| Author Mark | BAS |
| -- | L-2, P-140 |
| 100 1# - MAIN ENTRY--PERSONAL NAME | |
| Personal name | Daniels, Alan. |
| 9 (RLIN) | 36559 |
| 245 10 - TITLE STATEMENT | |
| Title | Basic systems analysis; |
| Statement of responsibility, etc. | edited by Alan Daniels and Donald Yeates. |
| 260 ## - PUBLICATION, DISTRIBUTION, ETC. | |
| Place of publication, distribution, etc. | Delhi, |
| Name of publisher, distributor, etc. | Galgotia Publication, |
| Date of publication, distribution, etc. | 1990. |
| 300 ## - PHYSICAL DESCRIPTION | |
| Extent | xii, 289 p. |
| Other physical details | illus., |
| Dimensions | 23 cm. |
| 526 ## - STUDY PROGRAM INFORMATION NOTE | |
| Program name | 0 |
| Interest level | 0 |
| Reading level | 0 |
| Title point value | 004_200000000000000_BAS |
| 650 #0 - SUBJECT ADDED ENTRY--TOPICAL TERM | |
| Topical term or geographic name entry element | Computer programming |
| General subdivision | Study and teaching. |
| 9 (RLIN) | 36560 |
| 650 #0 - SUBJECT ADDED ENTRY--TOPICAL TERM | |
| Topical term or geographic name entry element | MCE |
| 9 (RLIN) | 379 |
| 650 #0 - SUBJECT ADDED ENTRY--TOPICAL TERM | |
| Topical term or geographic name entry element | System analysis |
| General subdivision | Study and teaching. |
| 9 (RLIN) | 36561 |
| 700 1# - ADDED ENTRY--PERSONAL NAME | |
| Personal name | Yeates, Donald, |
| 9 (RLIN) | 36562 |
| 710 2# - ADDED ENTRY--CORPORATE NAME | |
| Corporate name or jurisdiction name as entry element | National Computing Centre Limited. |
| 9 (RLIN) | 36563 |
| 942 ## - ADDED ENTRY ELEMENTS (KOHA) | |
| Source of classification or shelving scheme | |
| Koha item type | Book |
| Withdrawn status | Lost status | Source of classification or shelving scheme | Damaged status | Not for loan | Permanent Location | Current Location | Date acquired | Total Checkouts | Full call number | Barcode | Date last seen | Price effective from | Koha item type |
|---|---|---|---|---|---|---|---|---|---|---|---|---|---|
| Military College of Engineering (MCE) | Military College of Engineering (MCE) | 08/16/2013 | 004.2 BAS | MCE-25610 | 08/16/2013 | 08/16/2013 | Book |
